Đồng tiền khôn
Sách phác thảo nền kinh tế Việt Nam với những sự kiện nổi bật, biến động, những vấn đề còn tồn tại... thông qua những mẩu chuyện nhỏ về kinh tế.
محفوظ في:
| المؤلف الرئيسي: | |
|---|---|
| التنسيق: | كتاب |
| اللغة: | Undetermined |
| منشور في: |
Thành phố Hồ Chí Minh
Thanh niên
2006
|
| الموضوعات: | |
| الوسوم: |
إضافة وسم
لا توجد وسوم, كن أول من يضع وسما على هذه التسجيلة!
|
| Thư viện lưu trữ: | Trung tâm Học liệu Trường Đại học Cần Thơ |
|---|
| LEADER | 00811nam a2200217Ia 4500 | ||
|---|---|---|---|
| 001 | CTU_101091 | ||
| 008 | 210402s9999 xx 000 0 und d | ||
| 020 | |c 34000 | ||
| 082 | |a 895.9228 | ||
| 082 | |b H103 | ||
| 100 | |a Phan ,Thế Hải | ||
| 245 | 0 | |a Đồng tiền khôn | |
| 245 | 0 | |c Phan Thế Hải | |
| 260 | |a Thành phố Hồ Chí Minh | ||
| 260 | |b Thanh niên | ||
| 260 | |c 2006 | ||
| 520 | |a Sách phác thảo nền kinh tế Việt Nam với những sự kiện nổi bật, biến động, những vấn đề còn tồn tại... thông qua những mẩu chuyện nhỏ về kinh tế. | ||
| 650 | |a Vietnamese literature | ||
| 650 | |y 21st century | ||
| 904 | |i Minh | ||
| 980 | |a Trung tâm Học liệu Trường Đại học Cần Thơ | ||